Prin Cipes De Criminologie / (Record no. 74363)
[ view plain ]
| 000 -LEADER | |
|---|---|
| fixed length control field | 01511nam a2200361 i 4500 |
| 003 - CONTROL NUMBER IDENTIFIER | |
| control field | EG-GICUC |
| 005 - DATE AND TIME OF LATEST TRANSACTION | |
| control field | 20260430062624.0 |
| 008 - FIXED-LENGTH DATA ELEMENTS--GENERAL INFORMATION | |
| fixed length control field | 260430s1966 fr ||||fr|||| 001 0 fre d |
| 040 ## - CATALOGING SOURCE | |
| Original cataloging agency | EG-GiCUC |
| Language of cataloging | fre |
| Transcribing agency | EG-GiCUC |
| Modifying agency | EG-GiCUC |
| Description conventions | rda |
| 041 #1 - LANGUAGE CODE | |
| Language code of text/sound track or separate title | fre |
| 082 04 - DEWEY DECIMAL CLASSIFICATION NUMBER | |
| Edition number | 21 |
| Classification number | 343.6 |
| Item number | SU . P |
| 092 04 - LOCALLY ASSIGNED DEWEY CALL NUMBER (OCLC) | |
| Edition number | 21 |
| 099 ## - LOCAL FREE-TEXT CALL NUMBER (OCLC) | |
| Classification number | Law1 10 343.6 SU . P 1966 |
| 100 1# - MAIN ENTRY--PERSONAL NAME | |
| Personal name | Sutherland, Edwin H |
| Relator term | Auteur |
| 245 10 - TITLE STATEMENT | |
| Title | Prin Cipes De Criminologie / |
| Statement of responsibility, etc. | Edwin H. Sutherland, Donald R. Cressey; Avant-propos Et Introduction De Marc Ancel; Ouvrage Publié Sous Les Auspices Du Centre Français De Droit Comparé. |
| 264 #1 - PRODUCTION, PUBLICATION, DISTRIBUTION, MANUFACTURE, AND COPYRIGHT NOTICE | |
| Place of production, publication, distribution, manufacture | Paris : |
| Name of producer, publisher, distributor, manufacturer | Édition S Cujas, |
| Date of production, publication, distribution, manufacture, or copyright notice | 1966. |
| 300 ## - PHYSICAL DESCRIPTION | |
| Extent | 662 pages, |
| Dimensions | 24 cm |
| 336 ## - CONTENT TYPE | |
| Source | rda content |
| Content type term | text |
| 337 ## - MEDIA TYPE | |
| Source | rda media |
| Media type term | Computer |
| 338 ## - CARRIER TYPE | |
| Source | rda carrier |
| Carrier type term | Online Resource |
| 500 ## - GENERAL NOTE | |
| General note | Version française établic sur de Principles of Criminology par la Section de droit pénal et de science criminelle de l' Institut de droit comparé le texte de la sixième édition de l'Univers ité de Paris |
| 504 ## - BIBLIOGRAPHY, ETC. NOTE | |
| Bibliography, etc. note | Comprend des références bibliographiques et un index.<br/><br/> |
| 546 ## - LANGUAGE NOTE | |
| Language note | Texte en français |
| 650 14 - SUBJECT ADDED ENTRY--TOPICAL TERM | |
| Topical term or geographic name entry element | القانون الجنائي |
| Source of heading or term | qrmak |
| 650 14 - SUBJECT ADDED ENTRY--TOPICAL TERM | |
| Topical term or geographic name entry element | Criminal law |
| Source of heading or term | qrmak |
| 651 1# - SUBJECT ADDED ENTRY--GEOGRAPHIC NAME | |
| Source of heading or term | qrmak |
| 700 1# - ADDED ENTRY--PERSONAL NAME | |
| Personal name | Ancel, Marc |
| Relator term | Contributeur |
| 700 1# - ADDED ENTRY--PERSONAL NAME | |
| Personal name | Cressey, Donald R |
| Relator term | Co-Auteur |
| 710 #2 - ADDED ENTRY--CORPORATE NAME | |
| Corporate name or jurisdiction name as entry element | Les Auspices Du Centre Français De Droit Comparé |
| Relator term | Contributeur |
| 856 40 - ELECTRONIC LOCATION AND ACCESS | |
| Uniform Resource Identifier | <a href="https://fll.law.cu.edu.eg/fulltext/bks/B10-11039.pdf">https://fll.law.cu.edu.eg/fulltext/bks/B10-11039.pdf</a> |
| 905 ## - Cataloger and Reviser Names | |
| Cataloger Name: | Basma Mohamed |
| 942 ## - ADDED ENTRY ELEMENTS (KOHA) | |
| Source of classification or shelving scheme | Dewey Decimal Classification |
| Koha item type | Books |
| Edition | 21 |
| Suppress in OPAC | No |
| Withdrawn status | Lost status | Source of classification or shelving scheme | Damaged status | Not for loan | Collection | Home library | Current library | Date acquired | Total checkouts | Full call number | Barcode | Date last seen | Copy number | Price effective from | Koha item type |
|---|---|---|---|---|---|---|---|---|---|---|---|---|---|---|---|
| Dewey Decimal Classification | Not for loan | القانون الجنائي | جــــامعة القــاهرة | مكتبة كلية الحقوق - المبنى الرئيسي | 30.04.2026 | Law1 10 343.6 SU . P 1966 1011039 C1 | B10-11039 | 30.04.2026 | 1 | 30.04.2026 | Books | ||||
| Dewey Decimal Classification | القانون الجنائي | جــــامعة القــاهرة | مكتبة كلية الحقوق - المبنى الرئيسي | 30.04.2026 | Law1 10 343.6 SU . P 1966 1011040 C2 | B10-11040 | 30.04.2026 | 2 | 30.04.2026 | Books |